[Event "Bratislava Slovan op"]
[Site "Bratislava"]
[Date "2014.05.03"]
[Round "9"]
[White "Barta, Ondrej"]
[Black "Kallo, Juraj"]
[Result "0-1"]
[WhiteElo "1500"]
[BlackElo "1000"]
[PlyCount "72"]
[EventDate "2014.04.26"]
[EventType "swiss"]
[EventRounds "9"]
[EventCountry "SVK"]
[SourceTitle "CBM 160 Extra"]
[Source "ChessBase"]
[SourceDate "2014.07.01"]
[SourceVersion "1"]
[SourceVersionDate "2014.07.01"]
[SourceQuality "1"]

1. d4 d5 2. c4 e6 3. Nf3 b6 4. e3 Bb7 5. Be2 Nf6 6. 0-0 Nbd7 7. Nc3 Be7 8. Qc2 c5 9. b3 Qc7 10. Nb5 Qb8 11. Bb2 a6 12. Nc3 0-0 13. Rac1 Bc6 14. Bd3 dxc4 15. Bxc4 b5 16. Be2 Nd5 17. Rfd1 N7f6 18. Ne5 Nb4 19. Qb1 Bb7 20. h3 Bd6 21. f4 Qc7 22. a3 Nbd5 23. Nxd5 Bxd5 24. dxc5 Bxc5 25. Kh2 Bxb3 26. Rd3 Bc4 27. Nxc4 bxc4 28. Rdc3 Bxe3 29. Rxe3 Qxf4+ 30. Rg3 Ne4 31. Rf1 Qxg3+ 32. Kg1 Qe3+ 33. Kh1 Qxe2 34. Kg1 Rab8 35. Re1 Qf2+ 36. Kh2 Rxb2 0-1

[Event "Bratislava Slovan op"]
[Site "Bratislava"]
[Date "2014.04.29"]
[Round "5"]
[White "Straka, Ivan"]
[Black "Barta, Ondrej"]
[Result "1-0"]
[WhiteElo "1623"]
[BlackElo "1500"]
[PlyCount "65"]
[EventDate "2014.04.26"]
[EventType "swiss"]
[EventRounds "9"]
[EventCountry "SVK"]
[SourceTitle "CBM 160 Extra"]
[Source "ChessBase"]
[SourceDate "2014.07.01"]
[SourceVersion "1"]
[SourceVersionDate "2014.07.01"]
[SourceQuality "1"]

1. e4 c6 2. Nc3 d5 3. exd5 cxd5 4. Bb5+ Nc6 5. d4 Nf6 6. Nf3 a6 7. Ba4 b5 8. Bb3 e6 9. a3 Bd6 10. Bg5 0-0 11. 0-0 Bb7 12. Re1 b4 13. axb4 Bxb4 14. Ne5 Be7 15. Ba4 h6 16. Bh4 Rc8 17. Bxc6 Bxc6 18. Rxa6 Qd6 19. Nb5 Bxb5 20. Rxd6 Bxd6 21. Bxf6 gxf6 22. Ng4 Kg7 23. Qf3 f5 24. Ne3 Rh8 25. g3 h5 26. Ng2 Kf6 27. Ra1 Rxc2 28. Qb3 Rd2 29. Qxb5 Rxd4 30. Qb6 Ke5 31. f4+ Ke4 32. Re1+ Kf3 33. Qxd4 1-0

[Event "Bratislava Doprastav op"]
[Site "Bratislava"]
[Date "2009.07.07"]
[Round "5"]
[White "Barta, Ondrej"]
[Black "Benova, Zita"]
[Result "0-1"]
[WhiteElo "1350"]
[BlackElo "1753"]
[PlyCount "120"]
[EventDate "2009.07.04"]
[EventType "swiss"]
[EventRounds "9"]
[EventCountry "SVK"]
[SourceTitle "EXT 2015"]
[Source "ChessBase"]
[SourceDate "2014.11.20"]
[SourceVersion "1"]
[SourceVersionDate "2014.11.20"]
[SourceQuality "1"]

1. d4 Nf6 2. Nf3 d6 3. h3 b6 4. c4 Bb7 5. e3 e6 6. Nc3 Be7 7. Be2 0-0 8. Qc2 d5 9. 0-0 dxc4 10. Bxc4 Bxf3 11. gxf3 c6 12. b3 Nbd7 13. Kg2 e5 14. d5 cxd5 15. Nxd5 Rc8 16. Qe2 Nxd5 17. Bxd5 Nf6 18. Bc4 Kh8 19. Bb2 e4 20. f4 Bc5 21. Rad1 Qe7 22. h4 Rfd8 23. h5 Rxd1 24. Rxd1 a5 25. a4 Rf8 26. Rh1 h6 27. Rd1 Kh7 28. Rg1 Rd8 29. Kh2 Bb4 30. Rd1 Rg8 31. Kg2 Rf8 32. Rg1 Bc5 33. Rd1 Rg8 34. Rg1 Bb4 35. Bd4 Bc5 36. Bb2 g6 37. hxg6+ Rxg6+ 38. Kf1 Rxg1+ 39. Kxg1 Kg8 40. Be5 Kh7 41. Bb2 Kg6 42. Be5 h5 43. Bxf6 Qxf6 44. Bd5 Qe7 45. f3 exf3 46. Qd3+ f5 47. Kf2 Qh4+ 48. Kxf3 Qg4+ 49. Kf2 Qxf4+ 50. Ke2 Qh2+ 51. Kf3 h4 52. Bf7+ Kxf7 53. Qxf5+ Ke7 54. Qe4+ Kf6 55. Qc6+ Qd6 56. Qe4 Qg3+ 57. Ke2 Qxe3+ 58. Qxe3 Bxe3 59. Kf1 Ke5 60. Kg2 Kd4 0-1

[Event "Bratislava Doprastav op"]
[Site "Bratislava"]
[Date "2009.07.05"]
[Round "3"]
[White "Barta, Ondrej"]
[Black "Dolnak, Michal"]
[Result "0-1"]
[WhiteElo "1350"]
[BlackElo "1710"]
[PlyCount "68"]
[EventDate "2009.07.04"]
[EventType "swiss"]
[EventRounds "9"]
[EventCountry "SVK"]
[SourceTitle "EXT 2015"]
[Source "ChessBase"]
[SourceDate "2014.11.20"]
[SourceVersion "1"]
[SourceVersionDate "2014.11.20"]
[SourceQuality "1"]

1. d4 d5 2. Nf3 Nf6 3. e3 Bg4 4. h3 Bh5 5. c4 e6 6. Nc3 Nbd7 7. cxd5 exd5 8. Be2 c6 9. 0-0 Bd6 10. a3 0-0 11. Qb3 Qc7 12. Qd1 b5 13. b4 Ne4 14. Bb2 Rae8 15. Qc2 Bg6 16. Nh4 Bh2+ 17. Kh1 Nxf2+ 18. Rxf2 Bxc2 19. Rf3 Be4 20. Nxe4 dxe4 21. Rff1 g6 22. Rac1 Qd6 23. Bd1 Bg3 24. Nf3 exf3 25. Rxf3 Nb6 26. Bb3 Nd5 27. Bxd5 cxd5 28. Bc3 Rc8 29. e4 dxe4 30. Re3 f5 31. Bd2 Bf4 32. Re2 Bxd2 33. Rxc8 Rxc8 34. Rxd2 Rc1+ 0-1

[Event "Bratislava Doprastav op"]
[Site "Bratislava"]
[Date "2009.07.04"]
[Round "1"]
[White "Barta, Ondrej"]
[Black "Halasz, Michal"]
[Result "1/2-1/2"]
[WhiteElo "1350"]
[BlackElo "1835"]
[PlyCount "100"]
[EventDate "2009.07.04"]
[EventType "swiss"]
[EventRounds "9"]
[EventCountry "SVK"]
[SourceTitle "EXT 2015"]
[Source "ChessBase"]
[SourceDate "2014.11.20"]
[SourceVersion "1"]
[SourceVersionDate "2014.11.20"]
[SourceQuality "1"]

1. d4 Nf6 2. c4 g6 3. Nc3 Bg7 4. Nf3 d6 5. h3 Nbd7 6. e3 c6 7. Be2 e5 8. Qc2 0-0 9. 0-0 Re8 10. Re1 Qc7 11. b3 e4 12. Nd2 d5 13. cxd5 cxd5 14. Ba3 a6 15. Rac1 b5 16. Qd1 Qb7 17. Bb2 Nb6 18. f3 b4 19. Ncb1 Qb8 20. fxe4 Nxe4 21. Nxe4 Rxe4 22. Bf3 Re8 23. Nd2 Bb7 24. Bg4 Qd6 25. Rc2 f5 26. Bf3 Re7 27. Nf1 a5 28. a4 Rae8 29. Rce2 Ba6 30. Rc2 Bxf1 31. Kxf1 Rxe3 32. Rxe3 Rxe3 33. Re2 Rxe2 34. Qxe2 Nd7 35. Qe8+ Bf8 36. Qa8 Nf6 37. Qxa5 Ne4 38. Bc1 Qc6 39. Bf4 h6 40. Kg1 g5 41. Be5 Be7 42. Qa7 Kf7 43. a5 Nd2 44. a6 Nxf3+ 45. gxf3 Qc1+ 46. Kg2 Qd2+ 47. Kf1 Qd1+ 48. Kg2 Qe2+ 49. Kg3 Qe1+ 50. Kg2 Qe2+ 1/2-1/2